00863nam a22001575i 4500001000700000003000900007005001700016008004100033040002000074100002500094245015000119260008800269300003000357650003000387852028800417162276ES-MaACL20250814031827.0990624s1774 fr |||| | fre d aCAM bspa cCAM1 aPlinio Segundo, Cayo10aHistoire naturelle de Pline / ctraduite en françois ... accompagnée de notes critiques pour l'éclaircissement du texte ...; tome septieme. aA Paris : bchez la veuve Desaint libraire ..., c1774 (fDe l'imprimerie de Didot) a[4], 699, [1] p. ; c4º. 7aCiencias naturales2embne aES-MaACLjR-1013-24 z-- Enc. pasta española, con hierros doradosz-- Sello : "Propriété des Trois" z-- Sello : "S.D.S. Y. D.A." x-- Edic.: añadir en T245 "... traduite en françois, avec le texte latin..." -- T594 Texto paralelo latín-francés x Olim: G-7020-31